| 000 | 01124cam a2200349 i 4500 | ||
|---|---|---|---|
| 999 |
_c200451957 _d70169 |
||
| 001 | 200451957 | ||
| 003 | TR-AnTOB | ||
| 005 | 20230215093325.0 | ||
| 007 | ta | ||
| 008 | 750522t19511951nyua 000 0 eng | ||
| 010 | _a 51005536 | ||
| 035 | _a(OCoLC)1352409 | ||
| 035 | _a(TR-AnTOB)200451957 | ||
| 040 |
_aDLC _beng _erda _cOYU _dOCoLC _dDLC _dTR-AnTOB |
||
| 041 | 0 | _aeng | |
| 050 | 0 | 4 |
_aZ675.T3 _bT43 1951 |
| 090 |
_aZ675.T3 _bT43 1951 |
||
| 245 | 0 | 0 |
_aTechnical libraries : _btheir organization and management / _cLucille Jackson, editor. |
| 264 | 1 |
_aNew York : _bSpecial Libraries Association, _c[1951] |
|
| 264 | 4 | _c©1951 | |
| 300 |
_a202 pages : _billustrations ; _c24 cm |
||
| 336 |
_atext _btxt _2rdacontent |
||
| 337 |
_aunmediated _bn _2rdamedia |
||
| 338 |
_avolume _bnc _2rdacarrier |
||
| 504 | _aBIBINDX | ||
| 650 | 0 |
_aScience and technology libraries _9140728 |
|
| 700 | 1 |
_aStrauss, Lucille J. _q(Lucille Jackson), _d1908-1994 _eeditor _9140727 |
|
| 710 | 2 |
_aSpecial Libraries Association. _bScience-Technology Division _9140726 |
|
| 942 |
_2lcc _cBK |
||